Maiden Chile: Iron Maiden. Una historia de amor y desencuentros, 1992-2016

Salvato in:
Dettagli Bibliografici
Autore principale: Céspedes, Oscar (Autore)
Natura: Libro
Lingua:spagnolo
Pubblicazione: Santiago Ril Editores 2016
Edizione:1a. ed
Soggetti:
Tags: Aggiungi Tag
Nessun Tag, puoi essere il primo ad aggiungerne!!

MARC

LEADER 00000cam a2200000 a 4500
001 UCD7610
003 CL-VaPUC
008 170331e20160000cl |||||||||||||||||spa|d
020 |a 9789560103680 
082 0 4 |a 781.66  |b CES  |2 21 
100 0 |a Céspedes, Oscar  |e author  |9 591615 
245 1 0 |a Maiden Chile: Iron Maiden. Una historia de amor y desencuentros, 1992-2016 
250 |a 1a. ed 
300 |a 168 p 
942 |c BK 
945 |d 20170331 00:58:00  |a dcastane 
260 |a Santiago  |b Ril Editores  |c 2016 
650 7 |a ROCK BRITANICO  |2 CL-VaPUC  |9 591616 
650 0 |a Rock pesado  |9 427575 
650 0 |a Música popular  |9 356085 
583 |a last modification  |c 20170331 00:58:00  |k Rodrigo Vera 
999 |c 367586  |d 367584 
952 |0 0  |1 0  |3 erb  |4 0  |6 781_660000000000000_CES_2016  |7 0  |8 R  |9 482566  |a BIBEDU  |b BIBEDU  |i 5361281  |o 781.66 CES 2016  |p 5361281  |r 2023-01-12  |w 2019-11-24  |y BK_R  |z Catalogado en:20170331  |k MUS